| 000 | 01664cam a22002894i 4500 | ||
|---|---|---|---|
| 999 |
_c35308 _d35308 |
||
| 001 | 22432454 | ||
| 003 | AR-RgUNPA | ||
| 005 | 20250730114307.0 | ||
| 008 | 211110e201909 ag grb 000 0 spa d | ||
| 010 | _a 2020469400 | ||
| 020 | _a9789877780529 | ||
| 040 |
_aspa _bAACR2 _eSIUNPA _cSIUNPA |
||
| 080 | _a364.442.24 M252i2 | ||
| 100 | 1 |
_aMallardi, Manuel W. _e, autor |
|
| 245 | 1 | 0 |
_aInforme social y relaciones familiares _b: categorías en disputa _c/ Manuel W. Mallardi |
| 250 | _a2a. ed. | ||
| 264 | 1 |
_aTandil _b: PUKA edit. _c, 2019 |
|
| 300 | _a114 p. | ||
| 500 | _a“Reflexionar sobre los informes sociales es una actividad que nos convoca casi orgánicamente a quienes ejercemos el Trabajo Social. Escribir y leer un informe social debe ser una de las cosas que en algún momento de nuestro ejercicio profesional sin dudas deberemos realizar. Y es este aspecto, el hecho de que sea una actividad frecuente, lo que nos pone en la situación riesgosa de burocratizarlo, de naturalizar de tal manera su elaboración y análisis que nos lleve a la idea equivocada de presuponer que es una tarea sencilla, rápida e, incluso, escindida del resto de la intervención profesional”. | ||
| 650 | 0 | _aINFORMES SOCIALES | |
| 650 | 0 | _aTRABAJO SOCIAL | |
| 650 | 0 | _aREALACIONES PERSONALES | |
| 650 | 0 | _aDIAGNOSTICO SOCIAL | |
| 906 |
_a7 _bcbc _ccopycat _d3 _encip _f20 _gy-gencatlg |
||
| 942 |
_2udc _cBK |
||